| 000 | 00837nam a22002777a 4500 | ||
|---|---|---|---|
| 003 | CHAP | ||
| 005 | 20220329134341.0 | ||
| 008 | 971013s1971 r 00010 d | ||
| 010 | _a19168 | ||
| 011 | _a20140 | ||
| 035 | _a24228 | ||
| 040 | _cCHAP | ||
| 082 |
_a581.542 _bD5 |
||
| 100 | 0 | 0 |
_aDíaz Queraltó, Francisco. _933608 |
| 245 | _aPráctica de la defensa contra heladas | ||
| 260 |
_aLérida, España : _bDilagro, _c1971 |
||
| 300 |
_a401 p. _b: láms. ; gráfs. |
||
| 590 |
_aBATCH-UPD _b10 _c20130110 _lUCH01 _h2234 |
||
| 590 |
_aBATCH-UPD _b10 _c20130410 _lUCH01 _h1529 |
||
| 590 |
_aBATCH-UPD _b10 _c20130914 _lUCH01 _h1604 |
||
| 590 |
_aCONVERSION _b10 _c20130109 _lUCH01 _h1312 |
||
| 650 | 1 | 4 |
_aHeladas _xEfecto en plantas. _953402 |
| 901 | _aBK | ||
| 942 | _cLIBRO | ||
| 949 |
_a581.542 D5 _bBC _cLIBRO _d-55939 _eLIBRO _i24228 _si |
||
| 999 |
_c19168 _d19168 |
||